ბათუმის შოთა რუსთაველის სახელმწიფო უნივერსიტეტის ბიბლიოთეკა

Задачник по алгебре. (ბიბ.ჩანაწერი № 39067)

000 -LEADER
fixed length control field 00515nam a2200205Ia 4500
001 - CONTROL NUMBER
control field 5612
003 - CONTROL NUMBER IDENTIFIER
control field GE_BSU
008 - FIXED-LENGTH DATA ELEMENTS--GENERAL INFORMATION
fixed length control field 181216s||||||||xx |||||||||||||| ||und||
040 ## - CATALOGING SOURCE
Transcribing agency GE_BSU
080 ## - UNIVERSAL DECIMAL CLASSIFICATION NUMBER
Universal Decimal Classification number 512.1(075.3)+514.116(075.3)
100 ## - MAIN ENTRY--PERSONAL NAME
Personal name Кречмар, В.А.
245 ## - TITLE STATEMENT
Title Задачник по алгебре.
250 ## - EDITION STATEMENT
Edition statement изд. 5-е
260 ## - PUBLICATION, DISTRIBUTION, ETC.
Place of publication, distribution, etc. Моска
260 ## - PUBLICATION, DISTRIBUTION, ETC.
Name of publisher, distributor, etc. Наука
260 ## - PUBLICATION, DISTRIBUTION, ETC.
Date of publication, distribution, etc. 1964
300 ## - PHYSICAL DESCRIPTION
Extent 385 с. 22 см.
653 ## - INDEX TERM--UNCONTROLLED
Uncontrolled term Задачник по алгебре
942 ## - ADDED ENTRY ELEMENTS (KOHA)
Koha item type წიგნი
ეგზემპლარები
Withdrawn status Lost status Damaged status Not for loan Date acquired Barcode Date last seen Price effective from Koha item type
        2018-12-17 16129 2018-12-17 2018-12-17 წიგნი